| 000 | 00808cam a2200241Mi 4500 | ||
|---|---|---|---|
| 020 | _a9211263409 (pbk) | ||
| 020 | _a9789211263404 (pbk) | ||
| 020 | _a9789211263688 | ||
| 020 | _a9211263689 | ||
| 040 | _cNLGGC | ||
| 082 | _a338 UNI 2014 A077 Or. | ||
| 110 | 2 | _aUnited Nations Development Programme | |
| 245 | 1 | 0 |
_aSustaining human progress : _breducing vulnerabilities and building resilience |
| 246 | 3 | _aHuman development report 2014 | |
| 260 |
_aNew York : _bUnited Nations ; _aLondon : _b[Eurospan [distributor], _ccop. 2014 |
||
| 300 |
_aix, 225 p. : _bill. ; _c28 cm |
||
| 500 | _aPublished for the United Nations Development Programme | ||
| 650 | 0 | _aEconomic development | |
| 650 | 0 | _aSustainable development | |
| 650 | 0 | _aSustainable development | |
| 650 | 0 | _aSocial justice | |
| 942 | _cEK | ||
| 999 |
_c15484 _d15484 |
||